Analýza a stratégia obuvníckeho priemyslu na Slovensku bakalárska práca

Salvato in:
Dettagli Bibliografici
Autore principale: Vanková, Lucia
Ente Autore: Obchodná fakulta EU. Katedra tovaroznalectva a kvality tovaru
Altri autori: Mlákay, Jozef
Natura: Libro
Lingua:slovacco
Pubblicazione: Bratislava 2010
Tags: Aggiungi Tag
Nessun Tag, puoi essere il primo ad aggiungerne!!

MARC

LEADER 00000nam$a2200000$$$4500
001 0135258
005 20240320073952.6
041 0 |a slo 
044 |a SK 
245 1 0 |a Analýza a stratégia obuvníckeho priemyslu na Slovensku  |b bakalárska práca  |c Lucia Vanková ; školiteľ: Jozef Mlákay 
264 1 |a Bratislava  |c 2010 
300 |a 52 s. 
100 1 |a Vanková, Lucia 
700 1 |a Mlákay, Jozef 
710 2 |a Obchodná fakulta EU. Katedra tovaroznalectva a kvality tovaru